<?xml version="1.0" encoding="UTF-8"?>
<record
    xmlns:xsi="http://www.w3.org/2001/XMLSchema-instance"
    xsi:schemaLocation="http://www.loc.gov/MARC21/slim http://www.loc.gov/standards/marcxml/schema/MARC21slim.xsd"
    xmlns="http://www.loc.gov/MARC21/slim">

  <leader>01306nam a22001697a 4500</leader>
  <controlfield tag="003">SGT</controlfield>
  <datafield tag="020" ind1=" " ind2=" ">
    <subfield code="a">9789350971413</subfield>
  </datafield>
  <datafield tag="082" ind1=" " ind2=" ">
    <subfield code="a">651.57,RAI</subfield>
  </datafield>
  <datafield tag="100" ind1=" " ind2=" ">
    <subfield code="a">RAI,URMILA</subfield>
  </datafield>
  <datafield tag="245" ind1=" " ind2=" ">
    <subfield code="a">BUSINESS COMMUNICATION</subfield>
  </datafield>
  <datafield tag="250" ind1=" " ind2=" ">
    <subfield code="a">9TH</subfield>
  </datafield>
  <datafield tag="260" ind1=" " ind2=" ">
    <subfield code="a">NEW DELHI</subfield>
    <subfield code="b">HIMALAYA PUBLISHING HOUSE</subfield>
    <subfield code="c">2013</subfield>
  </datafield>
  <datafield tag="300" ind1=" " ind2=" ">
    <subfield code="a">426</subfield>
  </datafield>
  <datafield tag="650" ind1=" " ind2=" ">
    <subfield code="a">OFFICE SERVICES, ENGLISH </subfield>
  </datafield>
  <datafield tag="653" ind1=" " ind2=" ">
    <subfield code="a">PART &#x2212; I: COMMUNICATION THEORY 1. BASIC ELEMENTS OF COMMUNICATION 2. OBJECTIVES OF COMMUNICATION 3. METHODS OF COMMUNICATION(VERBAL) 4. METHODS OF COMMUNICATION(NON &#x2212; VERBAL) 5. MEDIA AND MODES 6. CHANNELS OF COMMUNICATION 7. BARRIERS TO COMMUNICATION 8. PUBLIC RELATION PART &#x2212; II: ORAL COMMUNICATION 9. LISTENING 10. GROUP COMMUNICATION 11. INTERVIEWS 12. SPEECHES 13. PRESENTATIONS 14. DIALOGUE SKILLS PART &#x2212; III: WRITTEN COMMUNICATION 15. READING SKILLS 16. ESSENTIALS OF EFFECTIVE WRITING 17. WRITING TACTFULLY 18. LAYOUT OF A BUSINESS LETTER 19. JOB APPLICATION 20. PERSONNEL LETTERS 21. GOODWILL LETTERS 22. ENQUIRIES AND REPLIES 23. ORDERS AND REPLIES 24. COMPLAINTS, CLAIMS AND ADJUSTMENTS 25. COLLECTION LETTERS 26. SALES LETTERS 27. CREDIT AND STATUS ENQUIRIES 28. BANK CORRESPONDENCE 29. INSURANCE LETTERS 30. MEETINGS: NOTICE, AGENDA AND RESOLUTIONS 31. REPORTS 32. SUMMARISATION 33. PUNCTUATION 34. NUMERALS</subfield>
  </datafield>
  <datafield tag="942" ind1=" " ind2=" ">
    <subfield code="2">ddc</subfield>
    <subfield code="c">FCM</subfield>
    <subfield code="0">6</subfield>
  </datafield>
  <datafield tag="952" ind1=" " ind2=" ">
    <subfield code="0">0</subfield>
    <subfield code="1">0</subfield>
    <subfield code="2">ddc</subfield>
    <subfield code="4">0</subfield>
    <subfield code="7">0</subfield>
    <subfield code="8">CM</subfield>
    <subfield code="a">SSSL</subfield>
    <subfield code="b">SSSL</subfield>
    <subfield code="c">DISPLAY</subfield>
    <subfield code="d">2016-06-02</subfield>
    <subfield code="e">UBSPD</subfield>
    <subfield code="g">285.00</subfield>
    <subfield code="i">SGTU</subfield>
    <subfield code="l">7</subfield>
    <subfield code="o">651.57,RAI</subfield>
    <subfield code="p">CM430</subfield>
    <subfield code="r">2022-07-13 00:00:00</subfield>
    <subfield code="s">2022-07-06</subfield>
    <subfield code="w">2014-12-28</subfield>
    <subfield code="y">FCM</subfield>
    <subfield code="k">364029</subfield>
  </datafield>
  <datafield tag="952" ind1=" " ind2=" ">
    <subfield code="0">0</subfield>
    <subfield code="1">0</subfield>
    <subfield code="2">ddc</subfield>
    <subfield code="4">0</subfield>
    <subfield code="7">0</subfield>
    <subfield code="8">CM</subfield>
    <subfield code="a">SSSL</subfield>
    <subfield code="b">SSSL</subfield>
    <subfield code="c">DISPLAY</subfield>
    <subfield code="d">2016-06-02</subfield>
    <subfield code="e">UBSPD</subfield>
    <subfield code="g">285.00</subfield>
    <subfield code="i">SGTU</subfield>
    <subfield code="l">0</subfield>
    <subfield code="o">651.57,RAI</subfield>
    <subfield code="p">CM431</subfield>
    <subfield code="r">2016-06-02 00:00:00</subfield>
    <subfield code="w">2014-12-28</subfield>
    <subfield code="y">FCM</subfield>
    <subfield code="k">364029</subfield>
  </datafield>
  <datafield tag="952" ind1=" " ind2=" ">
    <subfield code="0">0</subfield>
    <subfield code="1">0</subfield>
    <subfield code="2">ddc</subfield>
    <subfield code="4">0</subfield>
    <subfield code="7">0</subfield>
    <subfield code="8">CM</subfield>
    <subfield code="a">SSSL</subfield>
    <subfield code="b">SSSL</subfield>
    <subfield code="c">TXT</subfield>
    <subfield code="d">2016-07-08</subfield>
    <subfield code="e">IBH</subfield>
    <subfield code="g">260.00</subfield>
    <subfield code="i">SGTU</subfield>
    <subfield code="l">3</subfield>
    <subfield code="o">651.57,RAI</subfield>
    <subfield code="p">CM65</subfield>
    <subfield code="r">2024-12-13 00:00:00</subfield>
    <subfield code="s">2024-12-13</subfield>
    <subfield code="w">2013-08-31</subfield>
    <subfield code="y">FCM</subfield>
    <subfield code="k">9690</subfield>
  </datafield>
  <datafield tag="952" ind1=" " ind2=" ">
    <subfield code="0">0</subfield>
    <subfield code="1">0</subfield>
    <subfield code="2">ddc</subfield>
    <subfield code="4">0</subfield>
    <subfield code="7">0</subfield>
    <subfield code="8">CM</subfield>
    <subfield code="a">SSSL</subfield>
    <subfield code="b">SSSL</subfield>
    <subfield code="c">TXT</subfield>
    <subfield code="d">2016-07-08</subfield>
    <subfield code="e">IBH</subfield>
    <subfield code="g">260.00</subfield>
    <subfield code="i">SGTU</subfield>
    <subfield code="l">10</subfield>
    <subfield code="o">651.57,RAI</subfield>
    <subfield code="p">CM66</subfield>
    <subfield code="r">2021-11-30 00:00:00</subfield>
    <subfield code="s">2021-11-22</subfield>
    <subfield code="w">2013-08-31</subfield>
    <subfield code="y">FCM</subfield>
    <subfield code="k">9690</subfield>
  </datafield>
  <datafield tag="999" ind1=" " ind2=" ">
    <subfield code="c">8903</subfield>
    <subfield code="d">8903</subfield>
  </datafield>
</record>
